000 00592nam a2200205Ia 4500
001 12407
003 GE_BSU
008 181216s||||||||xx |||||||||||||| ||und||
040 _cGE_BSU
080 _a634.1(075.32)
100 _aКурындин,И.И. Малынковский,В.В. Веньяминов,А.Н. Велохонов,И.В.
245 _aПлодоводство
250 _a3-ое перераб.
260 _aМосква
260 _bСельхозгиз
260 _c1947
300 _a539стр.илл.23см.
653 _aПлодоводство
942 _cBK
999 _c45581
_d45581